000 00586cam a2200145 4500500
005 20260208002342.0
041 _afre
042 _adc
100 1 0 _aFlahault, François
_eauthor
245 0 0 _aThierry Lenain, ed., Mensonge, mauvaise foi, mystification, Paris, Vrin, 2004, 204 p., notes bibliogr. («Annales de l’Institut de philosophie et de sciences sociales»)
260 _c2005.
500 _a91
786 0 _nL'Homme | 175-176 | 3 | 2005-07-01 | p. 475b-572b | 0439-4216
856 4 1 _uhttps://shs.cairn.info/revue-l-homme-2005-3-page-475b?lang=fr&redirect-ssocas=7080
999 _c1645971
_d1645971